[Event "Candidates qf3 g/60"]
[Site "Brussels"]
[Date "1991.08.??"]
[Round "9"]
[White "Ivanchuk, Vassily"]
[Black "Jussupow, Artur"]
[Result "0-1"]
[WhiteElo "2735"]
[BlackElo "2625"]
[Annotator "Knaak,R"]
[PlyCount "78"]
[EventDate "1991.08.??"]
[EventType "match (rapid)"]
[EventRounds "2"]
[EventCountry "BEL"]
[SourceTitle "100 Jahre Schach"]
[Source "ChessBase"]
[SourceDate "2000.04.19"]
[SourceVersion "1"]
[SourceVersionDate "2000.04.19"]
[SourceQuality "1"]

{[%mdl 640] Die Aufnahme dieser Schnellpartie (45 Minuten für 60 Züge, 15
Minuten für weitere 20 Züge) in die hochkarätige Partiensammlung ist wegen
ihres Schauwertes vollauf gerechtfertigt. Jussupows hemmungsloser Opferangriff
ist - wie ähnliche Kunstwerke (etwa Pillsbury-Lasker oder Kasparov-Topalov) -
auf die Mithilfe des Gegners angewiesen.} 1. c4 e5 2. g3 d6 3. Bg2 g6 4. d4 Nd7
5. Nc3 Bg7 6. Nf3 Ngf6 7. O-O O-O 8. Qc2 Re8 9. Rd1 c6 10. b3 Qe7 11. Ba3 e4
12. Ng5 e3 13. f4 $6 ({Weniger schwächend ist} 13. f3) 13... Nf8 $1 14. b4 Bf5
15. Qb3 h6 16. Nf3 Ng4 17. b5 g5 $1 {Möglich war still 17...Qd7. Mit dem
Bauernzug setzt Jussupow voll auf Angriff.} 18. bxc6 bxc6 19. Ne5 gxf4 $1 20.
Nxc6 Qg5 21. Bxd6 {Vermutlich hoffte Iwantschuk mit diesem Läufer auch
Verteidigungswirkung zu erzielen. Entscheidend wird sein, daß der Pe3 das
Brett spaltet.} Ng6 22. Nd5 Qh5 ({Dvoretzki erwähnt} 22... fxg3 {(mit
Rufzeichen)} 23. Bxg3 h5 {doch er hat die "Computer-Antwort"} 24. h4 $1 {
übersehen, denn} Nxh4 25. Bf4 {und die schwarze Dame geht verloren.}) 23. h4
Nxh4 $5 {Genau genommen ist der Zug nur durch den Modus - Schnellschach -
gerechtfertigt.} ({Objektiv war} 23... fxg3 {angesagt, der schwarze Angriff
bleibt bestehen.}) 24. gxh4 (24. Nxf4 $4 Nf3+ 25. exf3 (25. Kf1 Ngh2#) 25...
Qh2+ 26. Kf1 e2+ 27. Ke1 exd1=Q+ 28. Kxd1 Ne3+ $19) 24... Qxh4 25. Nde7+ $4 ({
Die Widerlegung bestand in} 25. Nce7+ $1 Kh8 26. Nxf5 Qh2+ 27. Kf1 Be5 $5 28.
dxe5 $1 {Der Bd6 wird noch gebraucht!} Rg8 29. Ndxe3 fxe3 (29... Nxe3+ 30. Nxe3
fxe3 31. Qb7 $18) 30. e6 $1 $18) 25... Kh8 26. Nxf5 Qh2+ 27. Kf1 {Schwarz hat
2 Figuren weniger und ein Matt ist nicht zu sehen, oder doch?} Re6 $3 (27...
Rg8 $2 28. Nxe3) (27... Bf6 $5 {kommt auch in Frage; Schwarz droht noch
zusätzlich Bh4-f2 und Qg1#}) 28. Qb7 (28. Nce7 Rg8 $3 {(Seirawan), ein
schwarzer Turm gelangt auf die g-Linie - das genügt zum Gewinn.}) 28... Rg6 $3
{Jetzt erkennt man die Idee: 29...Qh1+!! 30.B:h1 Nh2+ 31.Ke1 Rg1 matt} 29.
Qxa8+ Kh7 {Angesichts der Materialverteilung fühlt man sich ins 19.
Jahrhundert zurück versetzt. Ivanchuk muß nun die Dame geben, um das Matt
abzuwehren.} 30. Qg8+ Kxg8 31. Nce7+ Kh7 32. Nxg6 fxg6 33. Nxg7 Nf2 $3 {
Jusupow hat die Mattgelüste noch nicht aufgegeben. Es droht 34...Nh3 35.B:h3
Qh1 matt.} (33... Qg3 34. Kg1) 34. Bxf4 {Wehrt vorübergehend ab. Doch die
Drohung ist letztlich nicht mehr parierbar.} Qxf4 35. Ne6 Qh2 36. Rdb1 Nh3 37.
Rb7+ Kh8 38. Rb8+ Qxb8 39. Bxh3 Qg3 {Der stolze Pe3 steht immer noch auf dem
Brett und besiegelt das weiße Schicksal. Quellen: Informator 52 (Jussupow)
Moderne Schachtaktik (Dvorezki)} 0-1

[Event "Candidates qf3 g/60"]
[Site "Brussels"]
[Date "1991.??.??"]
[Round "10"]
[White "Jussupow, Artur"]
[Black "Ivanchuk, Vassily"]
[Result "1/2-1/2"]
[WhiteElo "2625"]
[BlackElo "2735"]
[Annotator "Jussupow,A"]
[PlyCount "91"]
[EventDate "1991.08.??"]
[EventType "match (rapid)"]
[EventRounds "2"]
[EventCountry "BEL"]
[SourceTitle "Candidates"]
[Source "ChessBase"]
[SourceDate "1999.07.01"]
[SourceVersion "2"]
[SourceVersionDate "1999.07.01"]
[SourceQuality "1"]

1. d4 Nf6 2. c4 e6 3. Nc3 Bb4 4. e3 c5 5. Bd3 Nc6 6. Nf3 Bxc3+ 7. bxc3 d6 8.
O-O e5 9. Qc2 $6 O-O 10. Ng5 h6 11. Ne4 b6 12. Nxf6+ Qxf6 13. Be4 Bb7 14. dxc5
dxc5 15. Bd5 Na5 16. e4 Qg6 {N} (16... Rad8 17. f4 (17. Be3 $5) 17... exf4 18.
Bxf4 Qg6 $15 {Sande-Csom Malta(ol) 1980}) 17. f4 Bxd5 $2 (17... exf4 18. Bxf4
Rad8 $15) 18. cxd5 exf4 19. Bxf4 $14 Rae8 20. Rae1 Nc4 21. Qe2 Ne5 22. Bg3 (22.
Qa6 f5 23. exf5 (23. Bxe5 Rxe5 24. Qxa7 f4 $44) 23... Nf3+ $5 (23... Rxf5 $5
24. Bxe5 Rfxe5 25. Rxe5 Rxe5 $10) 24. Kf2 (24. Rxf3 Rxe1+ 25. Kf2 Qe8 $17)
24... Qg4 $22 (24... Qxf5 25. Rxe8 Rxe8 26. Kxf3 Re4 27. g3 $16) 25. Rxe8 Rxe8
26. Qa4 Re2+ 27. Kxe2 Nd4+ 28. Kd2 Qxg2+ 29. Kc1 Ne2+ $19) 22... Qd6 23. Qh5
Qe7 24. Rf5 Nd3 (24... g6 25. Rxe5 gxh5 26. Rxe7 Rxe7 27. Bd6 $16) 25. Re3 c4
26. d6 Qe6 27. Rd5 Rd8 28. h3 Rd7 29. Kh2 a6 30. a4 Re8 $5 31. Rd4 (31. Rexd3
g6 $1 (31... cxd3 $2 32. Re5 Qxe5 33. Bxe5 g6 34. Qg4 $18) 32. Qxh6 cxd3 33.
Re5 Qxe5 34. Bxe5 Rxe5 $17) (31. Qd1 $5 {/\Rd3;Qb1} Qxd5 $6 32. exd5 Rxe3 33.
Qg4 $16) 31... f5 32. Rexd3 $5 cxd3 33. exf5 Qe2 34. Qg6 Re4 $1 35. Bf4 $1 (35.
Rxe4 $2 Qxe4 36. Qe6+ Qxe6 37. fxe6 Rxd6 38. Bxd6 d2 $19) 35... Rf7 (35... Rxf4
$1 36. Rxf4 d2 37. Qe6+ (37. f6 d1=Q $2 (37... Qe5 $1 $19) 38. f7+ Kf8 39. Qh7
Qxg2+ 40. Kxg2 Qd2+ 41. Rf2 Qd5+ 42. Kg1 Qg5+ $10) (37. Rd4 Qe5+ 38. Qg3 (38.
Kh1 Kf8 39. Qe6 Qxd4 40. cxd4 d1=Q+ 41. Kh2 Qxa4 $19) 38... Qxd4 39. cxd4 d1=Q
40. Qe5 Qh5 $19) 37... Qxe6 38. fxe6 d1=Q 39. e7 $3 $10) 36. Be5 $5 (36. Rd5
Qf1 (36... Re8 $6 37. d7 Rd8 38. Qe6 $36) 37. d7 (37. Be5 Rxe5 38. Rxe5 d2 39.
Re8+ Rf8 40. Qe6+ Kh7 $10) 37... Qxf4+ 38. Qg3 $15) 36... Rxd4 37. cxd4 d2 38.
d7 Qxe5+ $1 39. dxe5 d1=Q 40. e6 Qd6+ 41. Qg3 Rxd7 42. exd7 Qxd7 43. f6 $14 b5
44. axb5 axb5 45. fxg7 Qxg7 46. Qb3+ 1/2-1/2

[Event "World Cup"]
[Site "Reykjavik"]
[Date "1991.??.??"]
[Round "6"]
[White "Portisch, Lajos"]
[Black "Ivanchuk, Vassily"]
[Result "0-1"]
[WhiteElo "2570"]
[BlackElo "2735"]
[Annotator "Salov,V"]
[PlyCount "100"]
[EventDate "1991.09.??"]
[EventType "tourn"]
[EventRounds "15"]
[EventCountry "ISL"]
[EventCategory "16"]
[SourceTitle "CBM 026"]
[Source "ChessBase"]
[SourceDate "1992.02.01"]
[SourceVersion "1"]
[SourceVersionDate "1992.02.01"]
[SourceQuality "1"]

1. d4 {Wahls} Nf6 2. c4 g6 3. Nc3 Bg7 4. e4 d6 5. Nf3 O-O 6. Be2 e5 7. Be3 c6
8. dxe5 dxe5 9. Nd2 (9. Qxd8 {Wahls} Rxd8 10. Nxe5 Nxe4 (10... Re8 $5)) 9...
Qe7 (9... Na6 10. c5 Qe7 11. Bxa6 bxa6 12. f3 Rb8 13. b3 a5 14. Nc4 Ba6 15. Nd6
Nh5 16. Qc2 Nf4 17. O-O-O Ne6 18. Qb2 Nd4 $132 {Boensch-Shirov,Stockholm 1989/
90}) 10. c5 (10. O-O Na6 11. Qa4 Ng4 12. Bxg4 Bxg4 13. f3 Be6 14. Rfd1 Rfc8 15.
a3 Nc5 16. Qb4 Bf8 17. Na4 Nd3 18. Qc3 b5 19. Qxd3 bxa4 20. Qc2 Qb7 $10 {
Vaganian-Kasparov,USSR(ch)1988}) 10... Nbd7 11. Qa4 Rd8 (11... Nxc5 $2 {Wahls}
12. Qa3 Nfd7 13. Na4 b6 14. Nb3) 12. Nb3 (12. b4 Nf8 $1 (12... a5 13. Nb3 b5
14. Qa3 a4 15. Na5 $14) 13. Nc4 Ne6 14. O-O (14. Nb6 $6 axb6 15. Qxa8 bxc5 16.
bxc5 Nd4 $44) 14... Nd4 $132) 12... Nf8 $1 {<->d4,f4} 13. O-O Ne6 14. Rad1 Rxd1
15. Rxd1 Nf4 $10 16. f3 h5 17. Bc4 (17. Bf1 $142 $10) 17... h4 18. Qa5 Be6 19.
Bxe6 Nxe6 20. Qb4 Bf8 21. Qc4 Nh5 22. Ne2 Nhf4 23. h3 (23. Nxf4 exf4 24. Bf2 h3
25. gxh3 Qg5+ 26. Kf1 Qh5 $40) 23... Rd8 24. Qc2 (24. Rxd8 Qxd8 25. Qc2 Qd3 $1
$17) 24... Qg5 $1 25. Nxf4 exf4 26. Bf2 (26. Rxd8 fxe3 $1 27. Rd3 (27. Rd1 {
Wahls} Nf4 28. Re1 (28. Rf1 e2 29. Rf2 Nxh3+) 28... Nxh3+ (28... Qg3) 29. Kf1
Nf4 30. Rxe3 Nxg2 31. Re2 Ne3+ $19) (27. Rd7 Nf4 {Idee e2-+}) 27... Nf4 28.
Rxe3 Nxh3+ 29. Kh2 Qg3+ 30. Kh1 Nf2+ 31. Kg1 h3 $19) 26... Rxd1+ 27. Qxd1 Nxc5
28. Nd4 (28. Nxc5 $5 Bxc5 29. Bxc5 Qxc5+ 30. Kh2 Kg7 31. Qd8 Qe5 $15) 28... a5
29. Qd2 Qd8 30. Qc3 (30. Qxf4 $4 Nd3 31. Qxh4 Be7 $19) 30... Na6 {P f8-c5} 31.
Ne2 Qd1+ 32. Qe1 Qc2 33. Bd4 (33. Nxf4 Qxb2 34. Bxh4 (34. e5 Qb4 $1 $17) 34...
Nb4 $1 $17) 33... Bc5 34. Bxc5 Nxc5 $6 $138 (34... Qxc5+ $1 35. Kf1 (35. Kh2
Qe3 $1) 35... Nb4 36. Qxh4 $2 g5 $1 $19) 35. Nxf4 Qxb2 36. Qxh4 Qd4+ $6 (36...
Qxa2 $2 37. Qd8+ Kh7 38. Qh4+ Kg7 39. Nh5+ $10) (36... Qa1+ $1 37. Kh2 Qe5 $1
$17) 37. Kh2 $2 (37. Qf2 $1 $15) 37... Qe5 $1 {Pg6-g5} 38. Qd8+ Kg7 39. g3 $8
Qb2+ 40. Ng2 $8 a4 $1 41. h4 Ne6 42. Qe7 (42. Qd6 $5) 42... Qxa2 43. h5 gxh5
44. f4 Qd2 45. f5 Ng5 46. e5 Nf3+ 47. Kh3 a3 48. Qf6+ (48. f6+ Kg6 49. Nf4+ Kf5
$19) (48. e6 Ng5+ 49. Kh4 a2 $1 (49... Qd4+ 50. Kxh5 $1 (50. Nf4 Nxe6 $1 51.
fxe6 Qf6+ $19) 50... Qf6 51. Qxa3 Ne4 52. Kg4 Qg5+ 53. Kh3 Qxf5+ 54. Kh2 Qxe6
55. Qb2+ $17) 50. exf7 Nxf7 51. f6+ Kg6 52. Nf4+ Qxf4+ $19) 48... Kf8 49. e6 $2
(49. Qh8+ $142 Ke7 50. f6+ Kd7 51. Qb8) 49... Ng5+ 50. Kh4 (50. Kh2 a2 $19)
50... Qd4+ $1 0-1

[Event "World Cup"]
[Site "Reykjavik"]
[Date "1991.??.??"]
[Round "7"]
[White "Ivanchuk, Vassily"]
[Black "Salov, Valery"]
[Result "1-0"]
[WhiteElo "2735"]
[BlackElo "2665"]
[Annotator "Boensch,U"]
[PlyCount "101"]
[EventDate "1991.09.??"]
[EventType "tourn"]
[EventRounds "15"]
[EventCountry "ISL"]
[EventCategory "16"]
[SourceTitle "CBM 026"]
[Source "ChessBase"]
[SourceDate "1992.02.01"]
[SourceVersion "1"]
[SourceVersionDate "1992.02.01"]
[SourceQuality "1"]

1. e4 {Boensch} c5 2. Nf3 Nc6 3. d4 cxd4 4. Nxd4 Nf6 5. Nc3 d6 6. Bg5 Bd7 7.
Qd2 Rc8 8. f4 (8. O-O-O Nxd4 9. Qxd4 Qa5 10. Bd2 a6 11. Kb1 Qc5 12. Qxc5 Rxc5
13. f3 Rc8 14. Be3 Bc6 15. g4 h6 16. h4 g6 17. Bh3 Bg7 18. Bd4 g5 19. Nd5 Bxd5
20. exd5 Rg8 21. Bf1 $14 {Mokry-Epishin Brno 1991}) 8... h6 9. Bxf6 gxf6 10.
Nf5 (10. Nb3 f5 11. exf5 Bg7 12. Bd3 Nb4 13. O-O Qb6+ 14. Rf2 Rg8 15. Be4 Rc4
16. Re1 Rxc3 17. bxc3 Nxa2 18. Re3 a5 $13 {Vehi Bach-Franco Toledo 1991}) 10...
Qa5 11. Bd3 (11. Ne3 f5 12. exf5 Bg7 13. Bd3 Nb4 14. Be4 Nxc2+ 15. Bxc2 Rxc3
16. O-O Ra3 $15 {Ivanov,Alexa-Zaitschik,G USSR 1981 -Inf.31/252}) 11... Nb4 12.
O-O {N} (12. a3 Nxd3+ 13. Qxd3 Rg8 14. g3 $13 {Mokry-Robatsch Trnava 1987 -Inf.
43/248}) 12... Nxd3 13. Qxd3 Qc5+ 14. Kh1 e6 15. Ne3 h5 16. Rad1 Be7 17. f5 Kd8
(17... a6) 18. Rf3 b5 19. Ne2 Qe5 20. Nd4 a6 21. Rg3 Bf8 22. c3 Rc7 23. Rf1 Bc8
24. Nf3 Qc5 25. Nh4 Be7 26. fxe6 fxe6 27. Rg7 $16 Bb7 28. Ng6 Re8 29. Nc2 Kc8
30. Nd4 Bd8 31. Nf4 $1 Qe5 (31... Rxg7 32. Ndxe6 Qe5 33. Nxg7 Bxe4 34. Qh3+ $18
) 32. Rxc7+ Kxc7 33. Qh3 Kb8 34. Qxh5 Rg8 35. Qf7 Rh8 36. Qxe6 Bxe4 37. h3 f5
38. Qd7 Qc5 39. Nde6 Qc4 40. Qxd6+ Ka8 41. Rf2 Bh4 42. Qxa6+ Kb8 43. Qb6+ Kc8
44. Rd2 Be7 45. Ng6 Qf1+ 46. Kh2 Rxh3+ 47. Kxh3 Bxg2+ 48. Rxg2 Qf3+ 49. Kh2
Qh5+ 50. Kg3 Bh4+ 51. Kf4 1-0

[Event "World Cup"]
[Site "Reykjavik"]
[Date "1991.??.??"]
[Round "14"]
[White "Ivanchuk, Vassily"]
[Black "Andersson, Ulf"]
[Result "1-0"]
[WhiteElo "2735"]
[BlackElo "2625"]
[Annotator "Ribli,Z"]
[PlyCount "107"]
[EventDate "1991.09.??"]
[EventType "tourn"]
[EventRounds "15"]
[EventCountry "ISL"]
[EventCategory "16"]
[SourceTitle "CBM 026"]
[Source "ChessBase"]
[SourceDate "1992.02.01"]
[SourceVersion "1"]
[SourceVersionDate "1992.02.01"]
[SourceQuality "1"]

1. Nf3 Nf6 2. g3 c5 3. Bg2 g6 4. d4 cxd4 5. Nxd4 Nc6 6. O-O Bg7 7. c4 Nxd4 8.
Qxd4 O-O 9. Nc3 d6 10. Qd3 Bf5 11. e4 Be6 12. b3 a6 13. Bd2 Nd7 (13... Rb8 14.
Rac1 Qd7 15. Nd5 $1 b5 16. Rfe1 Rb7 17. Qf1 $14 {Ehlvest,J-Kamsky,G Reggio Top
16 1991 CBM/22}) 14. Rac1 (14. Qe2 $5 Nc5 15. Rac1 Bd7 16. Rfd1 Rc8 17. Be3 Qe8
18. Nd5 Bc6 19. e5 $1 $16 {Hort-Unzicker Lugano ol 1968 6/106}) 14... b5 $1 15.
cxb5 axb5 16. Qxb5 Bxc3 17. Rxc3 Rxa2 18. Bh6 Qb8 19. Qd3 Rc8 20. Rxc8+ Qxc8
21. Rc1 Qb8 22. b4 Ra7 23. b5 f6 24. Be3 Nc5 25. Qb1 (25. Bxc5 $2 dxc5 26. Rxc5
$2 Ra1+ 27. Bf1 Bh3 $19) 25... Rb7 26. Bf1 Nb3 27. Rc3 Rxb5 $1 28. Bxb5 Qxb5
29. Rc7 Kf7 30. Qd1 Ke8 31. h4 Na5 32. Qa1 Kd8 33. Ra7 Nc6 34. Ra8+ Kd7 35. Rh8
Bh3 36. Rxh7 Qd3 37. Kh2 Bf1 38. Rg7 Be2 39. Qxf6 Qxe4 40. Qxg6 Qd5 41. Qf7 Qe4
42. Qf4 Qb1 43. g4 Bd3 44. h5 Be4 45. Qf6 Qh1+ 46. Kg3 Qg2+ 47. Kh4 Bd3 48. f3
Qh2+ 49. Kg5 Qa2 50. Kh4 Qh2+ 51. Kg5 Qa2 52. f4 Qe2 53. Bb6 Be4 54. h6 1-0

[Event "Hilversum KRO m"]
[Site "Hilversum"]
[Date "1991.??.??"]
[Round "2"]
[White "Ivanchuk, Vassily"]
[Black "Timman, Jan H"]
[Result "1-0"]
[WhiteElo "2735"]
[BlackElo "2630"]
[Annotator "Ftacnik,L"]
[PlyCount "87"]
[EventDate "1991.12.??"]
[EventType "match"]
[EventRounds "6"]
[EventCountry "NED"]
[SourceTitle "CBM 028"]
[Source "ChessBase"]
[SourceDate "1992.06.01"]
[SourceVersion "1"]
[SourceVersionDate "1992.06.01"]
[SourceQuality "1"]

1. d4 Nf6 2. c4 e6 3. Nc3 Bb4 4. e3 b6 5. Nge2 Ba6 6. Ng3 Bxc3+ 7. bxc3 d5 8.
Ba3 (8. cxd5 Bxf1 9. Kxf1 Qxd5 10. Qd3 $10 {Gligoric,S-Portisch,L/Torremolinos/
1961/} (10. Qe2 $5 c5 11. e4 Qd7 12. Bg5 cxd4 13. Rd1 Nc6 14. cxd4 Nxd4 15. Qc4
e5 16. Nf5 $40)) 8... Bxc4 9. Bxc4 dxc4 10. Qa4+ Qd7 11. Qxc4 Qc6 12. Qxc6+
Nxc6 13. c4 O-O-O 14. Rc1 (14. Ke2 Rd7 15. Rac1 Kb7 16. Rhd1 Rhd8 $10 {
Gligoric,S-Gheorghiu/Nice ol/1974/}) 14... Kb7 15. Ke2 (15. f3 h5 $1 16. h4
Rdg8 17. Bb2 $6 Nb4 $1) 15... h5 $6 (15... Rd7) 16. f3 $6 (16. h4 $1 Rd7 (16...
Rdg8 17. Bb2 $16) 17. Bb2 Ne7 18. e4 $16) 16... h4 17. Nf1 (17. Ne4 Nxe4 18.
fxe4 f6 $10) 17... Rh5 18. Bb2 Na5 $2 (18... Ra5 19. a3 Ra4 20. Nd2 Na5 $5 21.
e4 (21. Rc2 $5) 21... Nh5 $1) 19. e4 b5 20. Ne3 (20. e5 Nxc4 21. Rxc4 bxc4 22.
exf6 gxf6 $13) 20... bxc4 (20... Nxc4 21. Nxc4 bxc4 22. Rxc4 $14) 21. d5 $1
exd5 22. Bxf6 $6 (22. Rb1 $1 Kc8 23. Bxf6 gxf6 24. Nxd5 $16) 22... gxf6 23.
Nxd5 c6 (23... Rd6 24. Rb1+ Kc6 25. Rhc1 $16) (23... Rd6 $1 24. Rc2 Re5 25. Ne3
$14) 24. Nxf6 Rb5 25. Rc2 Rd6 $2 (25... c3 $1 26. Rxc3 (26. Rhc1 Rb2 $36) 26...
Rb2+ 27. Ke3 Rxg2 28. Rb1+ $14) 26. Ng4 f5 (26... c3 27. Ne3 $1 Rb2 28. Rxb2+
cxb2 29. Rb1 $18) 27. Nf2 (27. exf5 Rxf5 28. Ne3 $16) 27... Rg6 28. Rg1 f4 29.
Nh3 Rf6 30. Rd1 (30. g3 $5 fxg3 31. hxg3 hxg3 32. Rxg3 $16) 30... Kc7 31. Kd2
Rc5 32. Rdc1 Rf8 33. Ke1 Kb6 34. Nf2 Rg5 35. Kf1 Kb5 36. Nd1 $1 Rfg8 (36... h3
37. gxh3 Rfg8 38. Nc3+ Kb6 39. Ne2 $18) 37. h3 Kb4 38. Rb1+ Ka4 $6 (38... Kc5
39. Rd2 c3 40. Rc2 $16) 39. Nb2+ (39. Nc3+ Ka3 40. Rcb2 c5 41. Rb5 Nc6 42.
R5b3+ cxb3 43. Rxb3#) 39... Ka3 40. Nxc4+ Nxc4 41. Rb3+ Ka4 42. Rxc4+ Ka5 43.
Rc2 R8g6 44. Rb7 {Ftacnik,L} (44. Rb7 Ka6 45. Rf7 $18) 1-0

[Event "Hilversum KRO m"]
[Site "Hilversum"]
[Date "1991.??.??"]
[Round "5"]
[White "Timman, Jan H"]
[Black "Ivanchuk, Vassily"]
[Result "1/2-1/2"]
[WhiteElo "2630"]
[BlackElo "2735"]
[Annotator "Ftacnik,L"]
[PlyCount "60"]
[EventDate "1991.12.??"]
[EventType "match"]
[EventRounds "6"]
[EventCountry "NED"]
[SourceTitle "CBM 028"]
[Source "ChessBase"]
[SourceDate "1992.06.01"]
[SourceVersion "1"]
[SourceVersionDate "1992.06.01"]
[SourceQuality "1"]

1. d4 Nf6 2. c4 g6 3. Nc3 d5 4. Bf4 Bg7 5. e3 c5 6. dxc5 Qa5 7. Rc1 dxc4 8.
Bxc4 O-O 9. Nf3 Qxc5 10. Bb3 Nc6 11. O-O Qa5 12. h3 Bf5 13. Qe2 Ne4 14. Nd5 e5
15. Bh2 Be6 16. Rfd1 Rfd8 17. Qc4 Nf6 18. e4 Rac8 19. Ng5 Nd4 20. Ne7+ Kf8 (
20... Kh8 21. Qxe6 $1 fxe6 22. Nf7#) 21. Nxe6+ Kxe7 22. Nxd8 Rxc4 23. Bxc4 Nxe4
$5 {N, Magerramov} (23... Bh6 24. Bxe5 Qxe5 25. Nxf7 Qf4 26. Nxh6 Qxh6 $17 {
Huzman,A-Dorfman,I/Lvov/1988/}) 24. Nxf7 Qb6 25. Nxe5 (25. Bxe5 $2 Nf3+ $1 26.
gxf3 Qxf2+ 27. Kh1 Qxf3+ 28. Kh2 Qf2+ 29. Kh1 Bxe5 30. Nxe5 Ng3#) 25... Bxe5
26. Bxe5 Nf3+ 27. gxf3 Qxf2+ 28. Kh1 Qxf3+ 29. Kh2 Qf2+ 30. Kh1 Qf3+ {Ftacnik,L
} 1/2-1/2

[Event "Roquebrune rapid"]
[Site "Roquebrune"]
[Date "1992.??.??"]
[Round "11"]
[White "Ivanchuk, Vassily"]
[Black "Piket, Jeroen"]
[Result "1/2-1/2"]
[WhiteElo "2720"]
[BlackElo "2615"]
[Annotator "Ribli,Z"]
[PlyCount "107"]
[EventDate "1992.02.??"]
[EventType "tourn (rapid)"]
[EventRounds "22"]
[EventCountry "FRA"]
[EventCategory "15"]
[SourceTitle "CBM 028"]
[Source "ChessBase"]
[SourceDate "1992.06.01"]
[SourceVersion "1"]
[SourceVersionDate "1992.06.01"]
[SourceQuality "1"]

1. c4 e5 2. g3 Nc6 3. Bg2 g6 4. Nc3 Bg7 5. Rb1 a5 6. a3 (6. d3 $5 d6 7. e3 f5
8. Nge2 Nf6 9. O-O O-O 10. b3 $5 Be6 11. Nd5 $14) 6... Nf6 7. Nf3 O-O 8. O-O d6
9. d3 h6 $5 10. b4 axb4 11. axb4 Be6 12. b5 Ne7 13. Bb2 (13. Nd2 c6 14. Qb3 d5
$1 (14... Qd7 $6 15. Ba3 Rfd8 16. Nde4 Nxe4 17. Nxe4 c5 18. Bxc5 $1 dxc5 19.
Nxc5 Qd4 20. Nxe6 fxe6 21. Bxb7 Rab8 22. Be4 Bf8 23. Ra1 $16 {Frias,V-Martens,
M  Wijk-B 1991 CBM/22}) 15. Ba3 Re8 $5 16. bxc6 bxc6 17. Bc5 Nf5 18. Bb6 Qd6
19. Na4 Nd7 20. e4 Nxb6 21. Nxb6 Nd4 22. Qd1 dxc4 $1 23. Ndxc4 (23. Nxa8 c3 $1)
23... Bxc4 24. Nxc4 Qc7 $13 {Prybl,M-Babula,V Brno/Morava-D 1991 EXP/24}) 13...
Qd7 (13... Rb8 $2 14. Qc2 b6 15. Na2 Qd7 16. Nb4 Bh3 17. Rfd1 Bxg2 18. Kxg2 Nh5
19. d4 exd4 20. Nxd4 f5 21. Nd5 $16 {Vaganian,R-Zukharisingh,R Moscow op 1990 
EXP/19}) 14. Ra1 (14. Re1 Bh3 15. Bh1 Ng4 16. Qb3 $5 Kh8 17. Nd5 $14 {Vaganian}
) 14... Rab8 (14... Bh3 15. Qc2 Rab8 16. Rfc1 Bxg2 17. Kxg2 Nh5 18. Qb3 Kh7 19.
Nd5 f5 20. Ra4 $13 {Gurevich,M-Piket,Je Wijk 1990  CBM/17}) 15. Nd2 (15. Qb3 $5
) (15. Re1 $5) 15... Bh3 16. e4 (16. Qb3 $5) 16... Nh5 17. Qe2 Bxg2 18. Kxg2 f5
19. exf5 Nxf5 20. Nf3 Rbe8 (20... Rf7 $5) 21. Rae1 Re7 22. Qd1 Ref7 23. Ne4 c6
24. bxc6 bxc6 25. Ba3 Ra8 26. Bb4 Qe6 27. Ned2 Rb7 28. Bc3 Ra3 29. Ne4 Rbb3 30.
Qc1 Rxc3 $5 31. Nxc3 Rxc3 32. Qxc3 e4 33. Rxe4 Nf4+ $1 34. gxf4 Nh4+ 35. Nxh4
Qg4+ 36. Kh1 Bxc3 37. Ng2 h5 38. Re3 Kh7 39. h3 Qf5 40. Rg3 Bf6 41. Re1 d5 42.
cxd5 cxd5 43. Rf3 d4 44. Re4 h4 45. Ne1 Kg7 46. Kg2 Kf7 47. Nc2 Qc5 48. Ne1 Qa5
49. f5 g5 50. Re6 Qd2 51. Re4 Qd1 52. Kf1 Qa1 53. Re2 Qd1 54. Re4 1/2-1/2

[Event "Roquebrune rapid"]
[Site "Roquebrune"]
[Date "1992.??.??"]
[Round "14"]
[White "Ivanchuk, Vassily"]
[Black "Karpov, Anatoly"]
[Result "1-0"]
[WhiteElo "2720"]
[BlackElo "2725"]
[Annotator "Ftacnik,L"]
[PlyCount "79"]
[EventDate "1992.02.??"]
[EventType "tourn (rapid)"]
[EventRounds "22"]
[EventCountry "FRA"]
[EventCategory "15"]
[SourceTitle "CBM 028"]
[Source "ChessBase"]
[SourceDate "1992.06.01"]
[SourceVersion "1"]
[SourceVersionDate "1992.06.01"]
[SourceQuality "1"]

1. e4 c6 2. c4 d5 3. exd5 cxd5 4. d4 Nf6 5. Nc3 e6 6. Nf3 Be7 7. cxd5 Nxd5 8.
Bd3 Nc6 9. O-O O-O 10. Re1 Bf6 11. Be4 Nce7 12. Ne5 Bd7 13. Qd3 Ng6 14. Bd2 Bc6
15. Nxc6 bxc6 16. Na4 Nb6 17. Nxb6 (17. Bxc6 Nxa4 18. Bxa4 Bxd4 $10) 17... Qxb6
18. Be3 Rad8 19. Red1 Qxb2 20. Rdb1 Rxd4 21. Bxd4 (21. Rxb2 Rxd3 22. Bxd3 Bxb2
$17) 21... Qxd4 22. Qc2 (22. Qxd4 Bxd4 23. Bxc6 Bxa1 24. Rxa1 Rc8 $17) 22...
Qc3 23. Qa4 (23. Qe2 Qa5 24. Bxc6 Bxa1 25. Rxa1 $17) 23... Bd4 24. Rd1 (24. Rc1
Qd2 25. Rc2 Bxf2+ 26. Kf1 Qd4 $17) 24... c5 25. Rab1 Ne5 26. Qc2 Qxc2 27. Bxc2
g5 (27... Ng4 28. Rd2 Rd8 29. h3 Nxf2 $2 30. Rxf2 Bxf2+ 31. Kxf2 Rd2+ 32. Kf3
Rxc2 33. Rb8#) 28. Rb7 Rd8 29. h3 (29. Rxa7 Ng4 30. Rf1 Nxf2 31. Bxh7+ (31.
Rxf2 Bxf2+ 32. Kxf2 Rd2+ 33. Kf3 Rxc2 $19) 31... Kxh7 32. Rxf7+ Kg6 33. R1xf2
$13 (33. R7xf2 Rf8 $17)) 29... a5 30. Rb5 Nc6 31. Kf1 Kg7 32. Be4 Rc8 33. Rc1 (
33. Bxc6 Rxc6 34. Rxa5 e5 35. Rc1 c4 $132) 33... f5 34. Bxc6 Rxc6 35. Rc4 Kf6
36. a4 Ra6 37. Ke2 h5 38. f3 Ke5 39. Kd3 Kd5 $4 (39... Ra7 40. Rb8 Kd5 41. Rg8
$16) 40. Rxd4+ {Ftacnik,L} 1-0

[Event "Roquebrune rapid"]
[Site "Roquebrune"]
[Date "1992.??.??"]
[Round "16"]
[White "Polugaevsky, Lev"]
[Black "Ivanchuk, Vassily"]
[Result "1-0"]
[WhiteElo "2630"]
[BlackElo "2720"]
[Annotator "Ftacnik,L"]
[PlyCount "71"]
[EventDate "1992.02.??"]
[EventType "tourn (rapid)"]
[EventRounds "22"]
[EventCountry "FRA"]
[EventCategory "15"]
[SourceTitle "CBM 028"]
[Source "ChessBase"]
[SourceDate "1992.06.01"]
[SourceVersion "1"]
[SourceVersionDate "1992.06.01"]
[SourceQuality "1"]

1. d4 d5 2. c4 dxc4 3. Nf3 Nf6 4. e3 e6 5. Bxc4 c5 6. O-O a6 7. Bd3 Nc6 8. Nc3
cxd4 9. exd4 Be7 10. Bg5 O-O 11. Rc1 h6 {N} (11... b6 12. Bxf6 Bxf6 13. Ne4 Bb7
14. Nxf6+ Qxf6 (14... gxf6 15. Be4 Rc8 16. Rc3 f5 17. Ng5 $1 Qxg5 18. Bxc6 Qe7
19. d5 Bxc6 20. dxc6 $16 {Dreev,A-Chekhov,V/Protvino-B/1988/}) 15. Be4 Rac8 16.
Ne5 Nxe5 17. Bxb7 Rxc1 18. Qxc1 Ng6 19. Rd1 a5 $10 {Kolev,A-Caposciutti,M/
Cannes op/1991/}) (11... Bd7) (11... Qa5) 12. Bh4 b5 $6 13. Bxf6 Bxf6 14. Ne4
Bd7 (14... Bb7 $2 15. Nc5 $1) 15. Bb1 Be7 16. Qd3 f5 (16... g6 17. Nc5 $16) 17.
Nc5 Bxc5 18. Rxc5 (18. dxc5 Qe7 $14) 18... Qb6 19. Rfc1 Rac8 20. Qe3 Kh8 (20...
Ne7 21. Ne5 $16) 21. a3 b4 22. Ba2 bxa3 23. bxa3 Rfe8 24. h3 Qb8 25. Bc4 Qb6
26. Bf1 Na7 27. Ne5 Bb5 28. Bxb5 axb5 29. Qg3 $1 Kg8 (29... Rxc5 30. dxc5 Qa6
31. Qg6 $18) 30. Qg6 Qd8 31. Qf7+ (31. Nf7 $2 Qf6 32. Nxh6+ Kf8 33. Qxf6+ gxf6)
31... Kh7 32. Rc7 Qg5 (32... Rg8 33. Qg6+ Kh8 34. Nf7#) 33. h4 Qxc1+ $8 34.
Rxc1 Rxc1+ 35. Kh2 Ra8 36. Qg6+ {Ftacnik,L} (36. Qg6+ Kg8 37. Qxe6+ Kh7 38.
Qxf5+ Kg8 39. Qe6+ Kh7 40. Qg6+ Kg8 41. Nf7 Kf8 42. Nxh6 gxh6 43. Qxh6+ Kf7 44.
Qxc1 $18) 1-0